Antología de crónica latinoamericana actual /
Guardat en:
| Autor principal: | |
|---|---|
| Format: | Llibre |
| Idioma: | espanyol |
| Publicat: |
México :
Alfaguara,
2012, c2011
|
| Matèries: | |
| Etiquetes: |
Sense etiquetes, Sigues el primer a etiquetar aquest registre!
|
MARC
| LEADER | 00000nam^a2200000^a^4500 | ||
|---|---|---|---|
| 001 | 000404158 | ||
| 005 | 20250521000000.0 | ||
| 009 | 20260310121758.051 | ||
| 020 | |a 978-607-11-1868-4 | ||
| 037 | |a Acervo ITESO - Biblioteca | ||
| 041 | |a ESP | ||
| 082 | |a 863. |b JAR | ||
| 100 | |a Jaramillo Agudelo, Darío |e (edición) | ||
| 245 | 1 | 0 | |a Antología de crónica latinoamericana actual / |c Ed. de D. Jaramillo Agudelo. |
| 264 | 4 | |a México : |b Alfaguara, |c 2012, c2011 | |
| 300 | |a 650 p. | ||
| 336 | |a texto |b txt |2 rdacontenido | ||
| 337 | |a sin mediación |b n |2 rdamedio | ||
| 338 | |a volumen |b nc |2 rdasoporte | ||
| 649 | |a XX | ||
| 650 | |a Enanos - |z Colombia - |x Condiciones Sociales y Culturales | ||
| 650 | |a Luchadores | ||
| 650 | |a Boxeadores Mexicanos | ||
| 650 | |a Ciclistas Colombianos | ||
| 650 | |a Cantantes Mexicanos | ||
| 650 | |a Cantantes Argentinos | ||
| 650 | |a Músicos Chilenos | ||
| 650 | |a Actores Chilenos | ||
| 650 | |a Jueces Salvadoreños | ||
| 650 | |a Pintores Argentinos | ||
| 650 | |a Artistas Argentinos | ||
| 650 | |a Escritores Mexicanos | ||
| 650 | |a Escritores Argentinos | ||
| 650 | |a Editores y Libreros Peruanos | ||
| 650 | |a Políticos Mexicanos | ||
| 650 | |a Bolivianos en Argentina - |z Condiciones Laborales | ||
| 650 | |a Bolivianos en Brasil - |z Condiciones Laborales | ||
| 650 | |a Parejas y Familiares de Personajes Históricos Venezolanos | ||
| 650 | |a Homosexuales Zapotecas - |z Tehuantepec (Istmo) - |x Condiciones Sociales y Culturales | ||
| 650 | |a Homosexuales Indígenas - |z Tehuantepec (Istmo) - |x Condiciones Sociales y Culturales | ||
| 650 | |a Asesinos Argentinos | ||
| 650 | |a Hermanos Gemelos - |z Rio Grande do Sul, Brasil | ||
| 650 | |a Industria del Vestido - |z Brasil | ||
| 650 | |a Industria del Vestido - |z Argentina | ||
| 650 | |a Nombres Personales - |z Uruguay - |x Aspectos Sociales y Culturales | ||
| 650 | |a Imagen Personal | ||
| 650 | |a Identidad de Género - |z Tehuantepec (Istmo) | ||
| 650 | |a Bibliotecas Privadas - |z Chile | ||
| 650 | |a Ciclismo - |z Colombia | ||
| 650 | |a Pop (Música) - |z México - |x Historia y Crítica | ||
| 650 | |a Tango - |z Argentina - |x Historia y Crítica | ||
| 650 | |a Música Popular Moderna - |z México - |x Historia y Crítica | ||
| 650 | |a Música Popular - |x Historia y Crítica | ||
| 650 | |a Crónica Periodística - |x Teoría | ||
| 650 | |a Crónica Periodística - |z Latinoamérica - |x Tema Principal | ||
| 650 | |a Periodismo - |z Latinoamérica - |x Historia - |y Siglo XX | ||
| 650 | |a Periodismo - |z Latinoamérica - |x Historia - |y Siglo XXI | ||
| 650 | |a Literatura Italiana - |y Siglo XX | ||
| 650 | |a Literatura Mexicana - |y Siglo XX | ||
| 650 | |a Literatura Mexicana - |y Siglo XXI | ||
| 650 | |a Literatura Argentina - |y Siglo XX | ||
| 650 | |a Literatura Latinoamericana - |y Siglo XX | ||
| 650 | |a Literatura Latinoamericana - |y Siglo XXI | ||
| 650 | |a Literatura Mexicana - |x Historia y Crítica | ||
| 650 | |a Literatura Argentina - |x Historia y Crítica | ||
| 650 | |a Literatura Italiana - |x Historia y Crítica | ||
| 650 | |a Pintura Argentina - |y Siglo XX | ||
| 650 | |a Pintura Argentina - |y Siglo XXI | ||
| 650 | |a Pintura Argentina - |x Historia y Crítica | ||
| 650 | |a Arte Argentino - |y Siglo XX | ||
| 650 | |a Arte Argentino - |y Siglo XX | ||
| 650 | |a Arte Argentino - |x Historia y Crítica | ||
| 650 | |a Ron | ||
| 650 | |a Bebidas Alcohólicas | ||
| 650 | |a Refrescos y Bebidas No Alcohólicas - |z Venezuela - |x Industria y Comercio | ||
| 650 | |a Venta Ambulante - |z Lima, Perú | ||
| 650 | |a Delitos contra la Propiedad Intelectual - |z Lima, Perú | ||
| 650 | |a Apuestas | ||
| 650 | |a Intercambio de Parejas | ||
| 650 | |a Futbol - |x Aspectos Sociales y Culturales | ||
| 650 | |a Lucha (Deporte) - |z Colombia - |x Estudio y Enseñanza | ||
| 650 | |a Carnavales - |z Río de Janeiro, Brasil | ||
| 650 | |a Carnavales - |z Barranquilla, Colombia | ||
| 650 | |a Bolero - |x Historia y Crítica | ||
| 650 | |a Barrios - |z El Salvador - |x Condiciones Sociales y Culturales | ||
| 650 | |a Salario Mínimo - |z Colombia | ||
| 650 | |a Miedo - |z El Salvador | ||
| 650 | |a Prostitución Infantil - |z Acapulco | ||
| 650 | |a Esclavitud - |z Brasil | ||
| 650 | |a Esclavitud - |z Argentina | ||
| 650 | |a Libertad de Expresión - |z México | ||
| 650 | |a Cárceles y Centros de Readaptación Social - |z Colombia | ||
| 650 | |a Narcotráfico - |z Colombia | ||
| 650 | |a Narcotráfico - |z Argentina - |x Historia - |y 1910-1946 | ||
| 650 | |a Delitos Económicos - |z Perú | ||
| 650 | |a Problemática Habitacional - |z Argentina | ||
| 650 | |a Migración Ilegal - |z México | ||
| 650 | |a Tráfico de Personas - |z México (Frontera Norte) | ||
| 650 | |a Terremoto, 1985 | ||
| 650 | |a Terremotos - |z México | ||
| 650 | |a Terremoto, 2010 - |z Chile | ||
| 650 | |a Exilio Español en Francia | ||
| 650 | |a Golpe de Estado - |z Chile - |x Historia - |y 1973-1990 | ||
| 650 | |a Secuestros - |z Colombia - |x Historia - |y 1998-2002 | ||
| 650 | |a Violencia - |z Colombia - |x Historia - |y 2002-2010 | ||
| 650 | |a Violencia - |z El Salvador | ||
| 650 | |a Asesinato Político - |z El Salvador - |x Historia - |y Guerra Civil, 1979-1992 | ||
| 650 | |a Política - |z Chile - |x Historia - |y 1973-1990 | ||
| 650 | |a Política - |z Colombia - |x Historia - |y 1998-2002 | ||
| 650 | |a Política - |z Colombia - |x Historia - |y 2002-2010 | ||
| 650 | |a Política - |z El Salvador - |x Historia - |y Guerra Civil, 1979-1992 | ||
| 650 | |a Política - |z Venezuela - |x Historia - |x 1999-2013 | ||
| 650 | |a Política - |z México - |x Historia - |y Siglo XXI | ||
| 650 | |a Economía - |z Colombia - |x Historia - |y 2002-2010 | ||
| 650 | |a Escobar, Pablo | ||
| 650 | |a Kuitca, Guillermo | ||
| 650 | |a Cacho, Lydia | ||
| 650 | |a Raab, Enrique | ||
| 650 | |a Ramírez Amaya, Atilio | ||
| 650 | |a Cromwell Gálvez, Florian | ||
| 650 | |a Monsiváis, Carlos | ||
| 650 | |a Pinochet, Augusto | ||
| 650 | |a Borges, Jorge Luis | ||
| 650 | |a Gardel, Carlos | ||
| 650 | |a Chávez, Hugo | ||
| 650 | |a Frías de Chávez, Elena | ||
| 650 | |a Santamaría, Gelvis | ||
| 650 | |a Niño Hernández, Edward | ||
| 650 | |a Castellanos Garzón, Henry | ||
| 650 | |a Tullio, Margarita Di | ||
| 650 | |a Pavese, Cesare | ||
| 650 | |a Fernández Garza, Mauricio | ||
| 650 | |a Sabines, Jaime | ||
| 600 | |a Romero, Oscar A., |c Santo | ||
| 600 | |a Gatica, Lucho | ||
| 600 | |a Trevi, Gloria | ||
| 600 | |a Picasso, Pablo | ||
| 910 | |a Fondo General | ||
| 920 | |a Impresos - Libros | ||
| 930 | |a Colección General | ||
| 940 | |a Literatura | ||
| 905 | |a 101 | ||
| 901 | |a 0500299606 |b IT1 |c LIT |i C137640 |u 20250521 | ||
| 902 | |a https://opac.biblio.iteso.mx/vufind/Record/000404158 | ||